BIBLIOTECA Y CENTRO DE DOCUMENTACIÓN

Tratado de construcción : (Registro nro. 21585)

Detalles MARC
000 -CABECERA
fixed length control field 01173nam a2200313 a 4500
003 - IDENTIFICADOR DEL NÚMERO DE CONTROL
control field AR-BaUFI
005 - FECHA Y HORA DE LA ULTIMA TRANSACCIÓN
control field 20260321064359.0
008 - ELEMENTOS DE LONGITUD FIJA
fixed length control field 221025s1978 sp ad|||r|||| 000 0 spa|c
020 ## - ISBN
ISBN 842520092X
040 ## - FUENTE DE CATALOGACIÓN
Agencia de catalogación original AR-BaUFI
Idioma de la catalogación spa
Agencia que realiza la modificación AR-MoUNM
041 1# - CÓDIGO DEL IDIOMA
Código de idioma para texto, pista de sonido o título independiente spa
Código de idioma de la versión original y/o traducciones intermedias del texto ger
044 ## - CÓDIGO DE PAÍS DEL EDITOR / PRODUCTOR [El campo es A para materiales visuales.]
Código de país MARC sp
Código de país ISO es
080 0# - NÚMERO DE CLASIFICACIÓN DECIMAL UNIVERSAL (C.D.U.)
Número de la Clasificación Decimal Universal (C.D.U.) 696/99
082 04 - NÚMERO DE CLASIFICACIÓN DECIMAL DEWEY (C.D.D.)
Número de la edición 24.11
Número de la Clasificación Decimal de Dewey (C.D.D.) 690
Número del ítem SCHMIT 355
100 1# - ENTRADA PRINCIPAL - NOMBRE DE PERSONA
Nombre personal Schmitt, Heinrich,
Fechas asociadas con un nombre 1899-
9 (RLIN) 27728
245 10 - MENCIÓN DEL TÍTULO
Título Tratado de construcción :
Resto del título elementos, estructuras y reglas fundamentales de la construcción /
Mención de responsabiblidad Heinrich Schmitt ; traducción, Antonio Munné ; Iris Erlenkämper.
250 ## - MENCIÓN DE EDICIÓN
Mención de edición 6a ed.
Resto de la mención de edición aum. y actualizada
260 ## - PUBLICACIÓN, DISTRIBICIÓN, ETC.
Lugar de publicación, distribución, etc. Barcelona :
Nombre del editor, distribuidor, etc. Gustavo Gili,
Fecha de publicación, distribución, etc. 1980.
300 ## - DESCRIPCIÓN FÍSICA
Extensión xv, 635 p. :
Otros detalles físicos il. ; gráfs. ; tablas ;
Dimensiones [El subcampo es A para Materiales Mixtos] 30 cm.
500 ## - NOTA GENERAL
Nota general Título original: Hochbaukonstruktion.
500 ## - NOTA GENERAL
Nota general La obra contiene 3800 ilustraciones.
650 #7 - ENTRADA SECUNDARIA DE MATERIA - TÉRMINO TEMÁTICO
Fuente de la entrada o término unescot
Término temático o nombre geográfico como elemento de entrada INGENIERIA DE LA CONSTRUCCION
9 (RLIN) 8356
650 #7 - ENTRADA SECUNDARIA DE MATERIA - TÉRMINO TEMÁTICO
Fuente de la entrada o término mpirdes
Término temático o nombre geográfico como elemento de entrada CONSTRUCCION
9 (RLIN) 4179
650 #7 - ENTRADA SECUNDARIA DE MATERIA - TÉRMINO TEMÁTICO
Término temático o nombre geográfico como elemento de entrada ARQUITECTURA
Fuente de la entrada o término unescot
9 (RLIN) 3268
650 #7 - ENTRADA SECUNDARIA DE MATERIA - TÉRMINO TEMÁTICO
Fuente de la entrada o término unescot
Término temático o nombre geográfico como elemento de entrada ELEMENTO ESTRUCTURAL (CONSTRUCCION)
9 (RLIN) 9078
700 1# - ENTRADA SECUNDARIA - NOMBRE DE PERSONA
Nombre de la persona Munné, Antonio.
Término relacionador tr.
9 (RLIN) 27729
700 1# - ENTRADA SECUNDARIA - NOMBRE DE PERSONA
Nombre de la persona Erlenkämper, Iris.
Término relacionador tr.
9 (RLIN) 27730
942 ## - ADDED ENTRY ELEMENTS (KOHA)
Source of classification or shelving scheme Dewey Decimal Classification
Item type Libros
Existencias
Withdrawn status Lost status Source of classification or shelving scheme Damaged status Not for loan Home library Current library Date acquired Source of acquisition Inventory number Total Checkouts Full call number Barcode Date last seen Copy number Price effective from Koha item type
    Dewey Decimal Classification     Colección general Colección general 03/03/2026 Donación Mariana Díaz 27953   690 SCHMIT 355 27953 03/03/2026 Ej. C 03/03/2026 Libros
Biblioteca UNM
Universidad Nacional de Moreno
Av. Bme. Mitre Nº 1891 (B1744OHC) Moreno
Provincia de Buenos Aires, República Argentina
(0237) 460-9300 (líneas rotativas)
(011) 2078-9170 (líneas rotativas)
biblioteca@unm.edu.ar
Universidad del Bicentenario Argentino